000 01186cam a2200313 a 4500
001 14761581
003 OSt
005 20230923133556.0
008 070307s2008 maua b 001 0 eng
010 _a 2007009996
020 _a9780763737672
020 _a0763737674
035 _a(OCoLC)ocm85830857
035 _a(OCoLC)85830857
040 _aDLC
_cDLC
_dBTCTA
_dBAKER
_dC#P
_dYDXCP
_dDLC
050 0 0 _aQA297
_b.G68 2008
082 0 0 _a518
_bGRA/N
100 1 _aGrasselli, Matheus
_99569
245 1 0 _aNumerical mathematics /
_cMatheus Grasselli, Dmitry Pelinovsky.
260 _aSudbury, Mass. :
_bJones and Bartlett Publishers,
_cc2008.
300 _axiv, 668 p. :
_bill. ;
_c24 cm.
504 _aIncludes bibliographical references (p. 653-654) and indexes.
650 0 _aNumerical analysis.
700 1 _aPelinovsky, Dmitry.
856 4 1 _3Table of contents only
_uhttp://www.loc.gov/catdir/toc/ecip0712/2007009996.html
906 _a7
_bcbc
_corignew
_d1
_eecip
_f20
_gy-gencatlg
942 _2ddc
_cBK
_h518
_iGRA/N
_k518
_mGRA/N
999 _c42334
_d42334